[Event "Vårturnerningarna Öppen"]
[Site "Linköping"]
[Date "2015.05.14"]
[Round "1"]
[White "Nörager, Mattias"]
[Black "Olsson, Simon"]
[Result "0-1"]
[WhiteElo "1641"]
[BlackElo "2206"]
[PlyCount "50"]
[EventDate "2015.05.14"]
[EventType "swiss"]
[EventRounds "7"]
[EventCountry "SWE"]

1. d4 Nf6 2. c4 Nc6 3. Nf3 e6 4. Bg5 Bb4+ 5. Nc3 h6 6. Bd2 O-O 7. e3 d6 8. Bd3
e5 9. Nd5 Bxd2+ 10. Qxd2 exd4 11. Nxf6+ Qxf6 12. Nxd4 Nxd4 13. exd4 Re8+ 14.
Be2 Re4 15. O-O-O Qxf2 16. Bf3 Qxd2+ 17. Rxd2 Re7 18. Kc2 Bf5+ 19. Kd1 c6 20.
d5 c5 21. Rf1 Rae8 22. Re2 Bd3 23. Rxe7 Rxe7 24. Rg1 Bxc4 25. Kd2 Re5 0-1

[Event "Vårturnerningarna Öppen"]
[Site "Linköping"]
[Date "2015.05.14"]
[Round "1"]
[White "Orci, Istvan"]
[Black "Qwarfort, Fredrik"]
[Result "0-1"]
[WhiteElo "1500"]
[BlackElo "1868"]
[PlyCount "44"]
[EventDate "2015.05.14"]
[EventType "swiss"]
[EventRounds "7"]
[EventCountry "SWE"]

1. d4 Nf6 2. Nf3 g6 3. Nc3 d5 4. Bf4 Bg7 5. e3 O-O 6. Be2 Nh5 7. Bg5 h6 8. Bh4
c6 9. O-O Nd7 10. Qd2 g5 11. Bg3 Nxg3 12. hxg3 e5 13. dxe5 Nxe5 14. Nxe5 Bxe5
15. f4 Bc7 16. g4 gxf4 17. exf4 Bb6+ 18. Rf2 Qh4 19. Nd1 Re8 20. Qd3 Bxg4 21.
g3 Qh3 22. a4 Rxe2 0-1

[Event "Vårturnerningarna Öppen"]
[Site "Linköping"]
[Date "2015.05.14"]
[Round "1"]
[White "Arnell, Staffan"]
[Black "Persson, Börje"]
[Result "0-1"]
[WhiteElo "1510"]
[BlackElo "1672"]
[PlyCount "60"]
[EventDate "2015.05.14"]
[EventType "swiss"]
[EventRounds "7"]
[EventCountry "SWE"]

1. e4 c5 2. Nf3 e6 3. d4 cxd4 4. Nxd4 a6 5. Nc3 Qc7 6. Be3 Bb4 7. Qd2 Nf6 8. f3
d5 9. Bd3 e5 10. Nde2 d4 11. Nxd4 exd4 12. Bxd4 Nc6 13. Bf2 Ne5 14. Be2 Nc4 15.
Bxc4 Qxc4 16. Qd4 Qxd4 17. Bxd4 Be6 18. a3 Bxc3+ 19. Bxc3 O-O-O 20. Kf2 Ne8 21.
Ke3 f6 22. b3 Nd6 23. a4 b6 24. Bd4 Kb7 25. c4 Rd7 26. Rhd1 Rhd8 27. Ra2 Bxc4
28. Bxb6 Kxb6 29. Rxd6+ Rxd6 30. bxc4 Rd3+ 0-1

[Event "Vårturnerningarna Öppen"]
[Site "Linköping"]
[Date "2015.05.14"]
[Round "1"]
[White "Eknor, Paul"]
[Black "Knutsson, Håkan"]
[Result "1/2-1/2"]
[WhiteElo "1630"]
[BlackElo "1871"]
[PlyCount "102"]
[EventDate "2015.05.14"]
[EventType "swiss"]
[EventRounds "7"]
[EventCountry "SWE"]

1. e4 c5 2. Nf3 e6 3. d4 cxd4 4. Nxd4 Nc6 5. Nc3 Qc7 6. Be3 a6 7. a3 Nf6 8. Bd3
Be7 9. O-O O-O 10. Qe2 b5 11. Nxc6 dxc6 12. f4 e5 13. f5 Bb7 14. Bg5 Rad8 15.
Bxf6 Bxf6 16. Qh5 c5 17. Rf3 g6 18. fxg6 fxg6 19. Qg4 Bc8 20. Qg3 Be6 21. Raf1
Bg7 22. Rxf8+ Bxf8 23. Qf3 c4 24. Be2 Bc5+ 25. Kh1 Rf8 26. Qg3 Rxf1+ 27. Bxf1
Qd6 28. Qe1 Qd4 29. Be2 b4 30. axb4 Bxb4 31. Bf3 a5 32. Qa1 Bxc3 33. bxc3 Qb6
34. h3 Bd7 35. Qa3 a4 36. Be2 Qc6 37. Bf3 Kf7 38. Kh2 h5 39. Qb4 Qa6 40. Be2
Be6 41. Qa3 h4 42. Bf3 Qa7 43. Kh1 Qe3 44. Kh2 Qf4+ 45. Kg1 Bxh3 46. Qxa4 Be6
47. Qa7+ Kf6 48. Qf2 Kg5 49. Qb6 Qf6 50. Qe3+ Qf4 51. Qb6 Qf6 1/2-1/2

[Event "Vårturnerningarna Öppen"]
[Site "Linköping"]
[Date "2015.05.14"]
[Round "1"]
[White "Eriksson, Ofelia"]
[Black "Ståhlberg, Adam"]
[Result "1/2-1/2"]
[WhiteElo "1622"]
[BlackElo "1844"]
[PlyCount "67"]
[EventDate "2015.05.14"]
[EventType "swiss"]
[EventRounds "7"]
[EventCountry "SWE"]

1. d4 e6 2. Nf3 Nf6 3. Bf4 c5 4. c3 cxd4 5. cxd4 Nc6 6. e3 Bb4+ 7. Nbd2 d5 8.
Bg5 h6 9. Bxf6 Qxf6 10. a3 Bd6 11. Be2 O-O 12. O-O Bd7 13. b4 a5 14. b5 Na7 15.
a4 Qe7 16. Qb3 Nc8 17. Rfc1 Nb6 18. Qa2 Rfc8 19. Ne5 Bxe5 20. dxe5 Rxc1+ 21.
Rxc1 Qb4 22. Bd1 Nc4 23. Nf3 Nxe5 24. h3 Nc4 25. Bb3 Rc8 26. Bxc4 Rxc4 27. Rxc4
dxc4 28. Ne5 c3 29. Nd3 Qd6 30. Qc4 e5 31. Qxc3 e4 32. Nb2 b6 33. Qd4 Qxd4 34.
exd4 1/2-1/2

[Event "Vårturnerningarna Öppen"]
[Site "Linköping"]
[Date "2015.05.14"]
[Round "1"]
[White "Nguyen, Gabriel"]
[Black "Winfridsson, Håkan"]
[Result "1/2-1/2"]
[WhiteElo "1729"]
[BlackElo "2069"]
[PlyCount "109"]
[EventDate "2015.05.14"]
[EventType "swiss"]
[EventRounds "7"]
[EventCountry "SWE"]
[WhiteClock "0:12:22"]
[BlackClock "0:17:01"]

1. d4 d5 2. c4 c6 3. Nc3 Nf6 4. e3 Bf5 5. cxd5 cxd5 6. Qb3 Bc8 7. Nf3 e6 8. Bd3
Nc6 9. a3 Bd6 10. O-O O-O 11. Bd2 a6 12. Qc2 Bd7 13. Rac1 b5 14. b4 Na7 15. e4
dxe4 16. Nxe4 Rc8 17. Qb1 Nxe4 18. Bxe4 f5 19. Bc2 Qf6 20. Bb3 Rce8 21. Rfe1
Bc6 22. Ng5 Qxd4 23. Be3 Qg4 24. f3 Qh5 25. Bxa7 Qxh2+ 26. Kf1 Qh1+ 27. Kf2
Qh4+ 28. Kf1 Qh1+ 29. Bg1 Bh2 30. Kf2 Bxg1+ 31. Rxg1 Qh4+ 32. Ke2 Qxg5 33. Rxc6
Kh8 34. Qc1 Qg3 35. Qe3 e5 36. Qf2 Qg5 37. g3 e4 38. f4 Qg4+ 39. Ke3 Rd8 40.
Bc2 Rd7 41. Qe2 Qh3 42. Qf1 Qh5 43. Bd1 Qf7 44. Qe1 Rd3+ 45. Ke2 Qd5 46. Rc3
Re8 47. g4 Rd8 48. Rxd3 Qxd3+ 49. Kf2 fxg4 50. Qe3 h5 51. Be2 Qc2 52. Rc1 Qd2
53. Qxd2 Rxd2 54. Ke3 Ra2 55. Rh1 1/2-1/2

[Event "Vårturnerningarna Öppen"]
[Site "Linköping"]
[Date "2015.05.14"]
[Round "1"]
[White "Ahlstrand, Mats"]
[Black "Kristoffersson, Jimmy"]
[Result "0-1"]
[WhiteElo "1698"]
[BlackElo "2042"]
[PlyCount "70"]
[EventDate "2015.05.14"]
[EventType "swiss"]
[EventRounds "7"]
[EventCountry "SWE"]
[WhiteClock "0:04:16"]
[BlackClock "0:10:29"]

1. Nf3 f5 2. d4 e6 3. c4 Nf6 4. Nc3 Be7 5. g3 O-O 6. Bg2 d6 7. O-O Ne4 8. Qc2
Nxc3 9. Qxc3 a5 10. b3 Nc6 11. Bb2 Bf6 12. Rad1 Qe8 13. e3 e5 14. dxe5 dxe5 15.
Qd2 Kh8 16. Rfe1 Qh5 17. Qd5 Re8 18. Qc5 e4 19. Bxf6 exf3 20. Bxg7+ Kxg7 21.
Bf1 Qg6 22. Qa3 Be6 23. c5 Qf6 24. Bb5 Red8 25. Rxd8 Qxd8 26. Qb2+ Qf6 27. Qb1
Rd8 28. e4 f4 29. Qc1 fxg3 30. hxg3 Ne5 31. Qc3 Ng4 32. Qxa5 Qh6 33. Qc3+ Kg8
34. Qxf3 Qh2+ 35. Kf1 Rf8 0-1

[Event "Vårturnerningarna Öppen"]
[Site "Linköping"]
[Date "2015.05.14"]
[Round "1"]
[White "Lindström, Jan"]
[Black "Hansson, Ronald"]
[Result "0-1"]
[WhiteElo "1675"]
[BlackElo "1963"]
[PlyCount "52"]
[EventDate "2015.05.14"]
[EventType "swiss"]
[EventRounds "7"]
[EventCountry "SWE"]
[WhiteClock "0:20:28"]
[BlackClock "0:27:51"]

1. e4 e6 2. Nc3 d5 3. Nf3 Nf6 4. e5 Nfd7 5. d4 c5 6. Bb5 Nc6 7. Bxc6 bxc6 8.
O-O Be7 9. Re1 O-O 10. b3 cxd4 11. Qxd4 f6 12. Qg4 Nxe5 13. Nxe5 fxe5 14. Bb2
Bd6 15. Nd1 Rf5 16. Bc1 e4 17. g3 Qf6 18. Bb2 e5 19. Qe2 Rg5 20. Bc1 Rg6 21.
Ne3 Be6 22. c3 Rf8 23. Nd1 Bg4 24. Qd2 Bf3 25. b4 Qe6 26. Ne3 Qh3 0-1

[Event "Vårturnerningarna Öppen"]
[Site "Linköping"]
[Date "2015.05.14"]
[Round "2"]
[White "Hansson, Ronald"]
[Black "Amberts, Jens"]
[Result "1-0"]
[WhiteElo "1926"]
[BlackElo "1467"]
[PlyCount "57"]
[EventDate "2015.05.14"]
[EventType "swiss"]
[EventRounds "7"]
[EventCountry "SWE"]

1. e4 d6 2. d4 Nf6 3. Nc3 g6 4. f3 Bg7 5. Be3 O-O 6. Qd2 Nbd7 7. O-O-O c6 8. g4
b5 9. g5 Nh5 10. Nce2 Nb6 11. Ng3 Nc4 12. Bxc4 bxc4 13. Nxh5 gxh5 14. Ne2 Rb8
15. Ng3 h4 16. Nh5 Qb6 17. Qc3 Bh8 18. Rhg1 Rd8 19. f4 c5 20. f5 cxd4 21. Bxd4
Bxd4 22. Rxd4 e5 23. fxe6 fxe6 24. Rf1 Qb4 25. Rxc4 Qxc3 26. Rxc3 Bb7 27. Rc7
Bxe4 28. Nf6+ Kh8 29. Nxe4 1-0

[Event "Vårturnerningarna Öppen"]
[Site "Linköping"]
[Date "2015.05.14"]
[Round "2"]
[White "Ståhlberg, Adam"]
[Black "Eknor, Paul"]
[Result "1-0"]
[WhiteElo "1844"]
[BlackElo "1630"]
[PlyCount "151"]
[EventDate "2015.05.14"]
[EventType "swiss"]
[EventRounds "7"]
[EventCountry "SWE"]

1. Nc3 e5 2. e4 Nf6 3. Bc4 Bc5 4. Nf3 Nc6 5. d3 d6 6. h3 h6 7. O-O Be6 8. Bb5
a6 9. Bxc6+ bxc6 10. Qe2 O-O 11. Nd1 Nh7 12. Be3 Bxe3 13. Nxe3 Ng5 14. Nxg5
Qxg5 15. Qf3 Rab8 16. b3 Rb6 17. Rae1 f5 18. exf5 Bxf5 19. Nxf5 Rxf5 20. Qe3
Qf6 21. Re2 c5 22. Qe4 c6 23. Qc4+ Kh8 24. Qc3 Rb5 25. Re4 Rf4 26. Qd2 Rb4 27.
Rxf4 Qxf4 28. Qxf4 Rxf4 29. Re1 Kg8 30. g3 Rf6 31. Re4 Rf7 32. Kf1 Kf8 33. Ke2
Ke7 34. Ra4 Ke6 35. Rxa6 Rc7 36. Ke3 Kd5 37. Ra8 Ke6 38. a4 d5 39. Re8+ Kf5 40.
g4+ Kf6 41. h4 Ra7 42. Rc8 Ra6 43. Rc7 Kg6 44. h5+ Kf6 45. Rb7 Ra8 46. Rd7 Ra6
47. f3 d4+ 48. Kf2 Rb6 49. Kg3 Ra6 50. f4 exf4+ 51. Kxf4 g5+ 52. Ke4 Ra8 53.
Rd6+ Kg7 54. Rg6+ Kh7 55. Rxc6 Re8+ 56. Kf5 Re3 57. Rc7+ Kg8 58. Rxc5 Rf3+ 59.
Kg6 Kf8 60. Rf5+ Rxf5 61. Kxf5 Kg7 62. Ke6 Kf8 63. a5 Ke8 64. a6 Kd8 65. Kd6
Kc8 66. b4 Kb8 67. b5 Ka7 68. Kc5 Ka8 69. b6 Kb8 70. Kxd4 Ka8 71. c4 Kb8 72. c5
Ka8 73. c6 Kb8 74. Ke5 Ka8 75. Kd6 Kb8 76. c7+ 1-0

[Event "Vårturnerningarna Öppen"]
[Site "Linköping"]
[Date "2015.05.14"]
[Round "2"]
[White "Olsson, Simon"]
[Black "Qwarfort, Fredrik"]
[Result "1/2-1/2"]
[WhiteElo "2206"]
[BlackElo "1869"]
[PlyCount "59"]
[EventDate "2015.05.14"]
[EventType "swiss"]
[EventRounds "7"]
[EventCountry "SWE"]

1. d4 Nf6 2. Bg5 c5 3. Bxf6 gxf6 4. d5 Qb6 5. Qc1 f5 6. c3 Bg7 7. g3 d6 8. Nd2
Nd7 9. Bg2 Nf6 10. Nh3 h5 11. Qc2 Bd7 12. Nf4 h4 13. Nc4 Qc7 14. Ne3 hxg3 15.
hxg3 Rxh1+ 16. Bxh1 e6 17. dxe6 fxe6 18. Qb3 d5 19. c4 Ne4 20. Bxe4 dxe4 21.
O-O-O O-O-O 22. Nc2 Rh8 23. Na3 a6 24. e3 Rh2 25. Qc2 Qa5 26. Qd2 Qxd2+ 27.
Rxd2 Rh1+ 28. Kc2 Ba4+ 29. b3 Bd7 30. Rd1 1/2-1/2

[Event "Vårturnerningarna Öppen"]
[Site "Linköping"]
[Date "2015.05.14"]
[Round "2"]
[White "Kristoffersson, Jimmy"]
[Black "Persson, Börje"]
[Result "1-0"]
[WhiteElo "2042"]
[BlackElo "1799"]
[PlyCount "71"]
[EventDate "2015.05.14"]
[EventType "swiss"]
[EventRounds "7"]
[EventCountry "SWE"]

1. d4 Nf6 2. Bg5 e6 3. Nd2 d5 4. e3 c5 5. c3 Nc6 6. f4 cxd4 7. exd4 Be7 8. Bd3
Qc7 9. Qf3 Bd7 10. Ne2 h6 11. Bh4 O-O-O 12. Bg3 Bd6 13. O-O h5 14. b4 h4 15.
Bf2 Kb8 16. a4 Bc8 17. a5 h3 18. g3 Ne7 19. b5 Qd7 20. Nb3 Nf5 21. Rfc1 g6 22.
Rab1 Qe7 23. Nc5 Nd7 24. b6 Nxc5 25. bxa7+ Kxa7 26. dxc5 Bxc5 27. Rb5 Bxf2+ 28.
Qxf2+ Ka8 29. Rcb1 Nd6 30. Rb6 Nc4 31. Bxc4 dxc4 32. a6 Qd7 33. Nd4 Qd5 34.
axb7+ Bxb7 35. Qa2+ Kb8 36. Nc6+ 1-0

[Event "Vårturnerningarna Öppen"]
[Site "Linköping"]
[Date "2015.05.14"]
[Round "2"]
[White "Nörager, Mattias"]
[Black "Lindström, Jan"]
[Result "1-0"]
[WhiteElo "1744"]
[BlackElo "1675"]
[PlyCount "77"]
[EventDate "2015.05.14"]
[EventType "swiss"]
[EventRounds "7"]
[EventCountry "SWE"]

1. d4 e6 2. c4 Bb4+ 3. Nc3 Nf6 4. Bg5 Bxc3+ 5. bxc3 d6 6. Nf3 c6 7. Qc2 Nbd7 8.
e4 Qc7 9. Bd3 e5 10. O-O h6 11. Bh4 O-O 12. Bg3 Re8 13. Nd2 Nh5 14. dxe5 dxe5
15. Qd1 Nxg3 16. fxg3 Nc5 17. Nb3 Nxd3 18. Qxd3 Be6 19. Rab1 Rad8 20. Qe2 Rd7
21. Nc5 Rde7 22. Rxb7 Qa5 23. Nb3 Qxc3 24. Rxe7 Rxe7 25. Rc1 Qb4 26. Qd2 Qxd2
27. Nxd2 Rd7 28. Nb3 Rd8 29. Kf2 Kf8 30. Ke3 Ke7 31. Na5 Rc8 32. Rb1 Rc7 33. a3
g6 34. c5 f5 35. Nb7 fxe4 36. Nd6 Bd5 37. Rb8 Bf7 38. Kxe4 Kf6 39. Rf8 1-0

[Event "Vårturnerningarna Öppen"]
[Site "Linköping"]
[Date "2015.05.14"]
[Round "2"]
[White "Knutsson, Håkan"]
[Black "Nguyen, Gabriel"]
[Result "1-0"]
[WhiteElo "1909"]
[BlackElo "1729"]
[PlyCount "59"]
[EventDate "2015.05.14"]
[EventType "swiss"]
[EventRounds "7"]
[EventCountry "SWE"]
[WhiteClock "0:32:34"]
[BlackClock "0:14:45"]

1. e4 c5 2. Nf3 e6 3. d4 cxd4 4. Nxd4 a6 5. Nc3 Qc7 6. Be2 Nc6 7. O-O Nf6 8.
Kh1 Be7 9. f4 d6 10. a4 O-O 11. Be3 Bd7 12. Qe1 Nxd4 13. Bxd4 Bc6 14. Qg3 Rfd8
15. e5 dxe5 16. Bxe5 Qa5 17. f5 Rf8 18. Rae1 Kh8 19. fxe6 fxe6 20. Bd3 Qd8 21.
Qh3 h6 22. Qxe6 Qd7 23. Qc4 Rae8 24. Bf5 Qd8 25. Bg6 Nd7 26. Bxe8 Rxf1+ 27.
Qxf1 Nxe5 28. Rxe5 Bf6 29. Bxc6 Bxe5 30. Be4 1-0

[Event "Vårturnerningarna Öppen"]
[Site "Linköping"]
[Date "2015.05.14"]
[Round "2"]
[White "Winfridsson, Håkan"]
[Black "Eriksson, Ofelia"]
[Result "1-0"]
[WhiteElo "2001"]
[BlackElo "1622"]
[PlyCount "127"]
[EventDate "2015.05.14"]
[EventType "swiss"]
[EventRounds "7"]
[EventCountry "SWE"]

1. e4 d5 2. exd5 Qxd5 3. Nc3 Qa5 4. Bc4 Bf5 5. d3 Nf6 6. Nge2 c6 7. O-O e6 8.
Ng3 Bg6 9. Qe2 Qc7 10. Kh1 Bd6 11. f4 O-O 12. Nce4 Nbd7 13. Bd2 b5 14. Bb3 Rae8
15. Rae1 a5 16. Nxd6 Qxd6 17. Bxa5 Nd5 18. Bd2 f6 19. d4 b4 20. Ne4 Qb8 21. Qc4
Rc8 22. Nc5 Nxc5 23. Qxc5 Rfe8 24. Qc4 Qd6 25. Qa6 Ra8 26. Qe2 Nc7 27. c3 bxc3
28. bxc3 Bf7 29. Qf3 Reb8 30. Rf2 Ra7 31. Rfe2 Nd5 32. c4 Nc7 33. Bc3 Re8 34.
Re3 Raa8 35. g3 Kf8 36. Qe2 Re7 37. f5 Rae8 38. Qd2 Na6 39. fxe6 Bxe6 40. Kg1
Qd7 41. d5 cxd5 42. cxd5 Bh3 43. Rxe7 Rxe7 44. Rxe7 Qxe7 45. Bc4 Qc5+ 46. Qd4
Qxd4+ 47. Bxd4 Nb8 48. Kf2 Ke7 49. Bc5+ Kd8 50. Ke3 Nd7 51. Kd4 g5 52. a4 Kc8
53. Be7 h6 54. a5 Kb8 55. Bd6+ Ka7 56. Bb5 Kb7 57. Bc5 Ne5 58. a6+ Ka8 59. Be7
Nf3+ 60. Kc5 Bc8 61. Kb6 Nd4 62. Bxf6 Nxb5 63. Kxb5 Ka7 64. Kc6 1-0

[Event "Vårturnerningarna Öppen"]
[Site "Linköping"]
[Date "2015.05.14"]
[Round "2"]
[White "Ahlstrand, Mats"]
[Black "Orci, Istvan"]
[Result "1/2-1/2"]
[WhiteElo "1675"]
[BlackElo "1500"]
[PlyCount "88"]
[EventDate "2015.05.14"]
[EventType "swiss"]
[EventRounds "7"]
[EventCountry "SWE"]

1. Nf3 d5 2. c4 c6 3. b3 Bf5 4. g3 Nd7 5. Bg2 Ngf6 6. Bb2 e6 7. O-O Be7 8. Nc3
h6 9. d3 O-O 10. Qc2 dxc4 11. bxc4 Qc7 12. e4 Bg6 13. Rad1 c5 14. Qc1 a6 15.
Rfe1 Bh5 16. Ne2 Rad8 17. Nf4 Bxf3 18. Bxf3 Ne5 19. Bg2 g5 20. Bxe5 Qxe5 21.
Nh3 Rd7 22. Kh1 Rfd8 23. f4 gxf4 24. Nxf4 Ng4 25. Qc2 Bg5 26. Qe2 f5 27. h3 Nf6
28. Qf2 fxe4 29. Bxe4 Nxe4 30. Rxe4 Qf5 31. Qg2 Bxf4 32. Rxf4 Qe5 33. Re4 Qc3
34. Rg4+ Rg7 35. Qe4 Qf6 36. Rxg7+ Kxg7 37. Qxb7+ Qf7 38. Qe4 Qf5 39. Qxf5 exf5
40. Kg2 Kf6 41. Kf3 Rd4 42. Ke3 h5 43. h4 Rg4 44. Kf3 Rd4 1/2-1/2

[Event "Vårturnerningarna Öppen"]
[Site "Linköping"]
[Date "2015.05.15"]
[Round "3"]
[White "Eknor, Paul"]
[Black "Ahlstrand, Mats"]
[Result "1-0"]
[WhiteElo "1630"]
[BlackElo "1675"]
[PlyCount "85"]
[EventDate "2015.05.14"]
[EventType "swiss"]
[EventRounds "7"]
[EventCountry "SWE"]

1. e4 e6 2. d4 d5 3. exd5 exd5 4. Bd3 Nf6 5. Nf3 Bg4 6. Bg5 Be7 7. Nbd2 Nc6 8.
c3 h6 9. Bxf6 Bxf6 10. Qe2+ Qe7 11. Qxe7+ Bxe7 12. h3 Bd7 13. O-O-O O-O-O 14.
Rde1 Rhe8 15. Re2 Bf6 16. Rhe1 Rxe2 17. Rxe2 Re8 18. Rxe8+ Bxe8 19. Bf5+ Kd8
20. h4 g6 21. Bh3 Ke7 22. Bc8 b6 23. Nf1 Nd8 24. Ne3 Kd6 25. Ng4 Bg7 26. Nge5
Nc6 27. Nxc6 Bxc6 28. Kd2 Bd7 29. Bxd7 Kxd7 30. Ne5+ Bxe5 31. dxe5 Ke6 32. f4
Kf5 33. Ke3 Kg4 34. g3 Kxg3 35. h5 gxh5 36. f5 h4 37. e6 fxe6 38. fxe6 h3 39.
e7 h2 40. e8=Q h1=Q 41. Qg6+ Kh2 42. Kf2 Qe4 43. Qh5+ 1-0

[Event "Vårturnerningarna Öppen"]
[Site "Linköping"]
[Date "2015.05.15"]
[Round "3"]
[White "Orci, Istvan"]
[Black "Eriksson, Ofelia"]
[Result "0-1"]
[WhiteElo "1500"]
[BlackElo "1622"]
[PlyCount "46"]
[EventDate "2015.05.14"]
[EventType "swiss"]
[EventRounds "7"]
[EventCountry "SWE"]

1. d4 Nf6 2. Nf3 d5 3. e3 c5 4. b3 Nc6 5. Bb2 e6 6. Bd3 b6 7. O-O Be7 8. Nbd2
cxd4 9. exd4 Bb7 10. a3 Rc8 11. Ne5 O-O 12. f4 Nb8 13. Qf3 Ne4 14. Nxe4 dxe4
15. Bxe4 Rxc2 16. Bxh7+ Kh8 17. Qh5 Rxg2+ 18. Kh1 Rg6+ 19. Rf3 Rh6 20. Qxh6
Bxf3+ 21. Nxf3 gxh6 22. Rg1 Kxh7 23. d5 Bf6 0-1

[Event "Vårturnerningarna Öppen"]
[Site "Linköping"]
[Date "2015.05.15"]
[Round "3"]
[White "Hansson, Ronald"]
[Black "Kristoffersson, Jimmy"]
[Result "1-0"]
[WhiteElo "1963"]
[BlackElo "2042"]
[PlyCount "65"]
[EventDate "2015.05.14"]
[EventType "swiss"]
[EventRounds "7"]
[EventCountry "SWE"]

1. e4 g6 2. d4 Bg7 3. Nf3 d6 4. Be2 Nf6 5. Nbd2 O-O 6. O-O Nc6 7. Re1 e5 8. c3
Bg4 9. Qc2 exd4 10. Nxd4 Bxe2 11. Nxc6 bxc6 12. Rxe2 d5 13. e5 Ng4 14. f4 f6
15. h3 Nh6 16. Nf3 Nf5 17. Kh2 fxe5 18. fxe5 Nh4 19. Nxh4 Qxh4 20. g3 Qh5 21.
Bf4 g5 22. g4 Qh6 23. Bg3 Rf3 24. Rae1 Raf8 25. Re3 Qe6 26. Rxf3 Rxf3 27. Qe2
Rf8 28. Qe3 Qe7 29. Qxa7 h5 30. e6 h4 31. Bxc7 Rc8 32. Bb8 Qf6 33. Be5 1-0

[Event "Vårturnerningarna Öppen"]
[Site "Linköping"]
[Date "2015.05.15"]
[Round "3"]
[White "Knutsson, Håkan"]
[Black "Olsson, Simon"]
[Result "0-1"]
[WhiteElo "1909"]
[BlackElo "2206"]
[PlyCount "68"]
[EventDate "2015.05.14"]
[EventType "swiss"]
[EventRounds "7"]
[EventCountry "SWE"]

1. e4 c5 2. Nf3 Nc6 3. d4 cxd4 4. Nxd4 Nf6 5. Nc3 e6 6. Ndb5 Bc5 7. Bf4 O-O 8.
e5 Ne8 9. Ne4 Be7 10. Qh5 f5 11. exf6 Nxf6 12. Nxf6+ Rxf6 13. Qg4 d5 14. Qg3 e5
15. Bd2 Bf5 16. O-O-O Rc8 17. Bg5 Nb4 18. c3 Rg6 19. Bxe7 Qxe7 20. Qe3 Nc2 21.
Qe2 d4 22. Nxd4 Qg5+ 23. Qd2 Nxd4 24. Qxg5 Rxg5 25. f4 Rg6 26. fxe5 Nc6 27.
Bc4+ Be6 28. Bd3 Rxg2 29. Be4 Rg5 30. Rhe1 Rxe5 31. Rd6 Bf7 32. Rxc6 Rxc6 33.
Bxh7+ Kxh7 34. Rxe5 Bxa2 0-1

[Event "Vårturnerningarna Öppen"]
[Site "Linköping"]
[Date "2015.05.15"]
[Round "3"]
[White "Qwarfort, Fredrik"]
[Black "Winfridsson, Håkan"]
[Result "1-0"]
[WhiteElo "1869"]
[BlackElo "2069"]
[PlyCount "39"]
[EventDate "2015.05.14"]
[EventType "swiss"]
[EventRounds "7"]
[EventCountry "SWE"]

1. d4 d5 2. c4 c6 3. Nf3 Nf6 4. g3 dxc4 5. Bg2 Nbd7 6. Nbd2 b5 7. a4 Bb7 8. O-O
e6 9. Qc2 a6 10. b3 cxb3 11. Nxb3 a5 12. Rd1 Qb6 13. Bd2 b4 14. Rac1 Rc8 15.
Ne5 Bd6 16. Nc4 Qc7 17. Nxd6+ Qxd6 18. Bf4 Qe7 19. Nxa5 Ba8 20. Nc4 1-0

[Event "Vårturnerningarna Öppen"]
[Site "Linköping"]
[Date "2015.05.15"]
[Round "3"]
[White "Persson, Börje"]
[Black "Ståhlberg, Adam"]
[Result "1/2-1/2"]
[WhiteElo "1799"]
[BlackElo "1957"]
[PlyCount "48"]
[EventDate "2015.05.14"]
[EventType "swiss"]
[EventRounds "7"]
[EventCountry "SWE"]
[WhiteClock "0:52:55"]
[BlackClock "0:21:38"]

1. e4 c6 2. d4 d5 3. Nc3 dxe4 4. Nxe4 Nd7 5. Nf3 Ngf6 6. Nxf6+ Nxf6 7. h3 e6 8.
Bd3 Be7 9. O-O O-O 10. c3 c5 11. dxc5 Bxc5 12. Bg5 Be7 13. Qe2 Nd5 14. Bxe7
Qxe7 15. Be4 Nf6 16. Rfd1 Qc7 17. Rd4 Nxe4 18. Qxe4 f6 19. Rad1 e5 20. Qd5+ Qf7
21. Qxf7+ Kxf7 22. R4d2 Be6 23. b3 Rfc8 24. c4 a6 1/2-1/2

[Event "Vårturnerningarna Öppen"]
[Site "Linköping"]
[Date "2015.05.15"]
[Round "3"]
[White "Amberts, Jens"]
[Black "Nörager, Mattias"]
[Result "0-1"]
[WhiteElo "1467"]
[BlackElo "1641"]
[PlyCount "74"]
[EventDate "2015.05.14"]
[EventType "swiss"]
[EventRounds "7"]
[EventCountry "SWE"]

1. e4 e5 2. f4 d5 3. exd5 e4 4. d3 Nf6 5. dxe4 Nxe4 6. Nf3 Bc5 7. Qe2 O-O 8.
Qxe4 Re8 9. Ne5 f6 10. Bd3 g6 11. Nc3 fxe5 12. f5 Bxf5 13. Qc4 Bxd3 14. Qxc5
Na6 15. Qf2 Rf8 16. Qg3 Bxc2 17. Bh6 Rf7 18. Kd2 Bf5 19. Qxe5 Qh4 20. Be3 c5
21. Rhf1 Qc4 22. Rf3 Nb4 23. Bg5 Qg4 24. Rg3 Qc4 25. b3 Qa6 26. Ne4 Bxe4 27.
Qxe4 Rf2+ 28. Kc3 Rc2+ 29. Qxc2 Nxc2 30. Kxc2 Qe2+ 31. Bd2 Qe4+ 32. Rd3 c4 33.
bxc4 Rc8 34. Re1 Qxc4+ 35. Rc3 Qxa2+ 36. Kd1 Rxc3 37. Bxc3 Qxd5+ 0-1

[Event "Vårturnerningarna Öppen"]
[Site "Linköping"]
[Date "2015.05.15"]
[Round "3"]
[White "Nguyen, Gabriel"]
[Black "Arnell, Staffan"]
[Result "1/2-1/2"]
[WhiteElo "1681"]
[BlackElo "1510"]
[PlyCount "49"]
[EventDate "2015.05.14"]
[EventType "swiss"]
[EventRounds "7"]
[EventCountry "SWE"]

1. d4 e6 2. c4 f5 3. Nf3 Nf6 4. g3 Be7 5. Bg2 d6 6. O-O O-O 7. Nc3 Nbd7 8. Qc2
a6 9. Rd1 Nb8 10. e4 fxe4 11. Nxe4 Qe8 12. Nxf6+ Rxf6 13. b3 Nc6 14. Bb2 Nd8
15. Re1 Rf8 16. Rad1 Bf6 17. Rd2 Qf7 18. Rde2 Rb8 19. Rc1 Re8 20. b4 b6 21. b5
Bb7 22. Nd2 Bxg2 23. Kxg2 Bg5 24. Rce1 Bf6 25. Kg1 1/2-1/2

[Event "Vårturnerningarna Öppen"]
[Site "Linköping"]
[Date "2015.05.15"]
[Round "4"]
[White "Winfridsson, Håkan"]
[Black "Eknor, Paul"]
[Result "1-0"]
[WhiteElo "2001"]
[BlackElo "1630"]
[PlyCount "55"]
[EventDate "2015.05.14"]
[EventType "swiss"]
[EventRounds "7"]
[EventCountry "SWE"]

1. e4 e5 2. f4 Bc5 3. Nf3 d6 4. c3 Nc6 5. d4 exd4 6. cxd4 Bb4+ 7. Bd2 Bxd2+ 8.
Nbxd2 Nf6 9. Bd3 Bg4 10. Qa4 a6 11. d5 b5 12. Bxb5 axb5 13. Qxb5 Rb8 14. Qxc6+
Bd7 15. Qc2 Qe7 16. O-O O-O 17. Nd4 Rfe8 18. Rae1 Bc8 19. Nc6 Qf8 20. Nxb8 Bb7
21. Nc6 Bxc6 22. Qxc6 Re7 23. a4 Qe8 24. b4 Nxd5 25. Qxe8+ Rxe8 26. exd5 Rxe1
27. Rxe1 Kf8 28. a5 1-0

[Event "Vårturnerningarna Öppen"]
[Site "Linköping"]
[Date "2015.05.15"]
[Round "4"]
[White "Lindström, Jan"]
[Black "Ahlstrand, Mats"]
[Result "0-1"]
[WhiteElo "1498"]
[BlackElo "1675"]
[PlyCount "50"]
[EventDate "2015.05.14"]
[EventType "swiss"]
[EventRounds "7"]
[EventCountry "SWE"]

1. e4 e6 2. d4 d5 3. Nc3 Nf6 4. Bg5 Be7 5. e5 Nfd7 6. h4 h6 7. Bxe7 Qxe7 8. Qg4
O-O 9. O-O-O c5 10. Nf3 Nc6 11. Nb5 cxd4 12. Qg3 Nb6 13. Nbxd4 Qc7 14. Nb5 Qe7
15. Nbd4 a6 16. Nxc6 bxc6 17. Rd4 f5 18. exf6 Qxf6 19. Rb4 Nd7 20. Nh2 Qxf2 21.
Qxf2 Rxf2 22. Ng4 Rf7 23. Rb3 Rf4 24. Rg3 h5 25. Nh2 Rxh4 0-1

[Event "Vårturnerningarna Öppen"]
[Site "Linköping"]
[Date "2015.05.15"]
[Round "4"]
[White "Nguyen, Gabriel"]
[Black "Amberts, Jens"]
[Result "1/2-1/2"]
[WhiteElo "1681"]
[BlackElo "1467"]
[PlyCount "64"]
[EventDate "2015.05.14"]
[EventType "swiss"]
[EventRounds "7"]
[EventCountry "SWE"]

1. d4 Nf6 2. c4 g6 3. Nc3 Bg7 4. e4 d6 5. f3 O-O 6. Be3 e5 7. d5 Nh5 8. Nge2 f5
9. Qd2 f4 10. Bf2 Bd7 11. Nc1 Be8 12. Be2 Nd7 13. Nd3 a5 14. a4 b6 15. b3 Nc5
16. Rb1 Bd7 17. Kd1 Bh6 18. Kc2 Nf6 19. Nxc5 bxc5 20. Rbf1 Qe7 21. Qd1 Rfb8 22.
Qd3 Be8 23. g3 Rb7 24. Rb1 Nd7 25. g4 Nb8 26. Na2 Na6 27. h4 Rab8 28. Kd2 Qd8
29. Rhc1 Bg7 30. Bd1 h6 31. Bc2 Bf6 32. Rh1 Bg7 1/2-1/2